Hệ thống chính trị ở các nước tư bản phát triển hiện nay : Sách tham khảo
Lịch sử tư tưởng chính trị và ba giai đoạn phát triển của nhà nước tư bản. Tổ chức hệ thống chính trị của chủ nghĩa tư bản hiện đại. Một vài nhận định khái quát và đề xuất.
Đã lưu trong:
| 主要作者: | |
|---|---|
| 格式: | 圖書 |
| 語言: | Undetermined |
| 出版: |
Hà Nội
Chính trị Quốc gia
1998
|
| 主題: | |
| 標簽: |
添加標簽
沒有標簽, 成為第一個標記此記錄!
|
| Thư viện lưu trữ: | Trung tâm Học liệu Trường Đại học Cần Thơ |
|---|
| LEADER | 00953nam a2200217Ia 4500 | ||
|---|---|---|---|
| 001 | CTU_28520 | ||
| 008 | 210402s9999 xx 000 0 und d | ||
| 020 | |c 13500 | ||
| 082 | |a 321 | ||
| 082 | |b Th455 | ||
| 100 | |a Hồ, Văn Thông | ||
| 245 | 0 | |a Hệ thống chính trị ở các nước tư bản phát triển hiện nay : | |
| 245 | 0 | |b Sách tham khảo | |
| 245 | 0 | |c Hồ Văn Thông | |
| 260 | |a Hà Nội | ||
| 260 | |b Chính trị Quốc gia | ||
| 260 | |c 1998 | ||
| 520 | |a Lịch sử tư tưởng chính trị và ba giai đoạn phát triển của nhà nước tư bản. Tổ chức hệ thống chính trị của chủ nghĩa tư bản hiện đại. Một vài nhận định khái quát và đề xuất. | ||
| 650 | |a Political science | ||
| 904 | |i Nguyễn Quang Điền, Giang sửa | ||
| 980 | |a Trung tâm Học liệu Trường Đại học Cần Thơ | ||